书目信息 |
| 题名: |
量子力学
|
|
| 作者: | 曾谨言 编著 | |
| 分册: | 下册 | |
| 出版信息: | 北京 科学出版社 1981 |
|
| 页数: | 297-671页 | |
| 开本: | 20cm | |
| 丛书名: | 现代物理学丛书 | |
| 单 册: | ||
| 中图分类: | O413.1 | |
| 科图分类: | ||
| 主题词: | 理论物理学 | |
| 电子资源: | ||
| ISBN: | ||
| 000 | 00559nam0 2200205 45 | |
| 001 | 0312221749 | |
| 005 | 20060731082511.26 | |
| 010 | @dCNY2.25 | |
| 100 | @a20031222d1981 km y0chiy0120 ea | |
| 101 | @achi | |
| 200 | 1 | @a量子力学@ALiang Zi Li Xue@h下册@f曾谨言编著@FCeng Jin Yan Bian Zhu |
| 210 | @a北京@c科学出版社@d1981 | |
| 215 | @a297-671页@d20cm | |
| 225 | 2 | @a现代物理学丛书 |
| 410 | 0 | @12001 @a现代物理学丛书 |
| 606 | 0 | @a理论物理学 |
| 690 | @aO413.1@v3 | |
| 701 | 0 | @a曾谨言@Aceng jin yan@4编著 |
| 801 | @aCN@bTSTCL@c20060731 | |
| 905 | @dO413.1@e1:2 | |
| 量子力学.下册/曾谨言编著.-北京:科学出版社,1981 |
| 297-671页;20cm.-(现代物理学丛书) |
| ISBN :CNY2.25 |
| ● |
| 相关链接 |
|
|
|
|
正题名:量子力学
索取号:O413.1/1:2
 
预约/预借
| 序号 | 登录号 | 条形码 | 馆藏地/架位号 | 状态 | 备注 |
| 1 | 0142911 | 202312862 | 密集书库/ [索取号:O413.1/1:2] | 在馆 | |
| 2 | 0433970 | 204339705 | 密集书库/ [索取号:O413.1/1:2] | 在馆 | |
| 3 | 0433971 | 204339714 | 密集书库/ [索取号:O413.1/1:2] | 在馆 |